Central Library || Chittagong University

A survey of basic mathematics : (Record no. 109958)

MARC details
000 -LEADER
fixed length control field 00497nam a22001697a 4500
003 - CONTROL NUMBER IDENTIFIER
control field BD-ChCU
005 - DATE AND TIME OF LATEST TRANSACTION
control field 20251130110737.0
008 - FIXED-LENGTH DATA ELEMENTS--GENERAL INFORMATION
fixed length control field 251130b bg ||||| |||| 00| 0 ben d
040 ## - CATALOGING SOURCE
Transcribing agency BD-ChCU
082 ## - DEWEY DECIMAL CLASSIFICATION NUMBER
Classification number 510 SPS
100 ## - MAIN ENTRY--PERSONAL NAME
Personal name Sparks , Fred W.
9 (RLIN) 17137
245 ## - TITLE STATEMENT
Title A survey of basic mathematics :
Remainder of title a text and workbook for college students ./
Statement of responsibility, etc. Fred W. , Sparks
260 ## - PUBLICATION, DISTRIBUTION, ETC.
Place of publication, distribution, etc. New York :
Name of publisher, distributor, etc. McGraw - hill
Date of publication, distribution, etc. C 1965
300 ## - PHYSICAL DESCRIPTION
Extent xi , 422p
650 #0 - SUBJECT ADDED ENTRY--TOPICAL TERM
Topical term or geographic name entry element Mathematics.
9 (RLIN) 17140
942 ## - ADDED ENTRY ELEMENTS (KOHA)
Source of classification or shelving scheme Dewey Decimal Classification
Koha item type Books
Suppress in OPAC No
Holdings
Withdrawn status Lost status Source of classification or shelving scheme Damaged status Not for loan Home library Current library Shelving location Date acquired Source of acquisition Total Checkouts Full call number Barcode Date last seen Copy number Price effective from Koha item type
    Dewey Decimal Classification     Chittagong University Library Chittagong University Library Science Reading Room 11/30/2025 Purchase   510 SPS 26957 11/30/2025 C-1 11/30/2025 Books
    Dewey Decimal Classification     Chittagong University Library Chittagong University Library Science Reading Room 11/30/2025 Purchase   510 SPS 26958 11/30/2025 C-2 11/30/2025 Books
© Copyright 2025. Chittagong University Library, Installation and Maintenance by Prof. Dr. Md. Alamgir, 01711306253